O Oitavo Vilarejo (Record no. 9920)

MARC details
000 -LÍDER
campo de controle de tamanho fixo 00428nam a2200169 4500
001 - NÚMERO DE CONTROLE
campo de controle 9920
005 - DATA E HORÁRIO DA ÚLTIMA TRANSAÇÃO
campo de controle 20231025103940.0
008 - CAMPO DE DADOS FIXOS--INFORMAÇÃO GERAL
campo de controle de tamanho fixo 231025b |||||||| |||| 00| 0 POR d
020 ## - ISBN - INTERNATIONAL STANDARD BOOK NUMBER
ISBN - International Standard Book Number 9788555390449
040 ## - FONTE DA CATALOGAÇÃO
Instituição que transcreveu o registro Complexo Educacional Contemporâneo
080 ## - CDU - CLASSIFICAÇÃO DECIMAL UNIVERSAL
Número da Classificação Decimal Universal (CDU) 028.5
100 ## - ENTRADA PRINCIPAL--NOME PESSOAL
Nome pessoal Rosseb, Gustavo
Numeração R828
9 (RLIN) 722
245 ## - TÍTULO
Título O Oitavo Vilarejo
250 ## - EDIÇÃO
Edição
260 ## - PUBLICAÇÃO, DISTRIBUIÇÃO, ETC.
Local de publicação, distribuição, etc. São Paulo
Nome do editor, distribuidor, etc. Jangada
Data da publicação, distribuição, etc. 2016
942 ## - ELEMENTOS DE ENTRADA ADICIONADOS (KOHA)
Fonte da classificação ou esquema de arquivamento na estante
Ocultar no OPAC Não
Tipo de material Koha Livros
Edição
Holdings
Situação do descarte Situação das perdas Fonte da classificação ou esquema de arquivamento na estante Situação física Não pode ser emprestado Biblioteca de origem Biblioteca atual Data de aquisição Total de empréstimos Código de barras Data de último acesso Número do exemplar Data do preço efetivo Tipo de material Koha
          Contemporâneo - Cidade Verde Contemporâneo - Cidade Verde 25/10/2023   005973 25/10/2023 2 25/10/2023 Livros